FM 2016: Formal Methods 21st International Symposium, Limassol, Cyprus, November 9-11, 2016, Proceedings /

This book constitutes the refereed proceedings of the 21st International Symposium on Formal Methods, FM 2016, held in Limassol, Cyprus, in November 2016. The 38 full papers and 11 short papers presented together with one abstract of an invited talk and one invited presentation were carefully review...

Πλήρης περιγραφή

Λεπτομέρειες βιβλιογραφικής εγγραφής
Συγγραφή απο Οργανισμό/Αρχή: SpringerLink (Online service)
Άλλοι συγγραφείς: Fitzgerald, John (Επιμελητής έκδοσης), Heitmeyer, Constance (Επιμελητής έκδοσης), Gnesi, Stefania (Επιμελητής έκδοσης), Philippou, Anna (Επιμελητής έκδοσης)
Μορφή: Ηλεκτρονική πηγή Ηλ. βιβλίο
Γλώσσα:English
Έκδοση: Cham : Springer International Publishing : Imprint: Springer, 2016.
Σειρά:Lecture Notes in Computer Science, 9995
Θέματα:
Διαθέσιμο Online:Full Text via HEAL-Link
LEADER 02858nam a22005775i 4500
001 978-3-319-48989-6
003 DE-He213
005 20161107091421.0
007 cr nn 008mamaa
008 161107s2016 gw | s |||| 0|eng d
020 |a 9783319489896  |9 978-3-319-48989-6 
024 7 |a 10.1007/978-3-319-48989-6  |2 doi 
040 |d GrThAP 
050 4 |a QA76.758 
072 7 |a UMZ  |2 bicssc 
072 7 |a COM051230  |2 bisacsh 
082 0 4 |a 005.1  |2 23 
245 1 0 |a FM 2016: Formal Methods  |h [electronic resource] :  |b 21st International Symposium, Limassol, Cyprus, November 9-11, 2016, Proceedings /  |c edited by John Fitzgerald, Constance Heitmeyer, Stefania Gnesi, Anna Philippou. 
264 1 |a Cham :  |b Springer International Publishing :  |b Imprint: Springer,  |c 2016. 
300 |a XXIII, 789 p. 204 illus.  |b online resource. 
336 |a text  |b txt  |2 rdacontent 
337 |a computer  |b c  |2 rdamedia 
338 |a online resource  |b cr  |2 rdacarrier 
347 |a text file  |b PDF  |2 rda 
490 1 |a Lecture Notes in Computer Science,  |x 0302-9743 ;  |v 9995 
505 0 |a Interdisciplinary formal methods -- Formal methods in practice -- Tools for formal methods -- Role of formal methods in software and systems engineering -- Theoretical foundations. 
520 |a This book constitutes the refereed proceedings of the 21st International Symposium on Formal Methods, FM 2016, held in Limassol, Cyprus, in November 2016. The 38 full papers and 11 short papers presented together with one abstract of an invited talk and one invited presentation were carefully reviewed and selected from 162 submissions. The broad topics of interest for FM include: interdisciplinary formal methods; formal methods in practice; tools for formal methods; role of formal methods in software and systems engineering; theoretical foundations. 
650 0 |a Computer science. 
650 0 |a Software engineering. 
650 0 |a Computers. 
650 0 |a Computer logic. 
650 0 |a Mathematical logic. 
650 0 |a Management information systems. 
650 1 4 |a Computer Science. 
650 2 4 |a Software Engineering. 
650 2 4 |a Mathematical Logic and Formal Languages. 
650 2 4 |a Logics and Meanings of Programs. 
650 2 4 |a Management of Computing and Information Systems. 
650 2 4 |a Computation by Abstract Devices. 
700 1 |a Fitzgerald, John.  |e editor. 
700 1 |a Heitmeyer, Constance.  |e editor. 
700 1 |a Gnesi, Stefania.  |e editor. 
700 1 |a Philippou, Anna.  |e editor. 
710 2 |a SpringerLink (Online service) 
773 0 |t Springer eBooks 
776 0 8 |i Printed edition:  |z 9783319489889 
830 0 |a Lecture Notes in Computer Science,  |x 0302-9743 ;  |v 9995 
856 4 0 |u http://dx.doi.org/10.1007/978-3-319-48989-6  |z Full Text via HEAL-Link 
912 |a ZDB-2-SCS 
912 |a ZDB-2-LNC 
950 |a Computer Science (Springer-11645)